Digital Twin Cities: (Record no. 121652)
[ view plain ]
| 000 -LEADER | |
|---|---|
| fixed length control field | 01259nas a22002057a 4500 |
| 007 - PHYSICAL DESCRIPTION FIXED FIELD--GENERAL INFORMATION | |
| fixed length control field | c| c| |||a| |
| 008 - FIXED-LENGTH DATA ELEMENTS--GENERAL INFORMATION | |
| fixed length control field | 230829s2023 sz |||||o|||| 00| 0 eng d |
| 041 ## - LANGUAGE CODE | |
| Language code of text/sound track or separate title | eng |
| 245 ## - TITLE STATEMENT | |
| Title | Digital Twin Cities: |
| Subtitle | Key Insights and Recommendations |
| 260 ## - PUBLICATION INFORMATION | |
| Publisher | World Economic Forum, |
| Date | August 2023 |
| 520 ## - ABSTRACT | |
| Abstract | A World Economic Forum provides a guide for city leaders considering the development of digital twin cities and insights for entrepreneurs and investors looking to shape the next generation of applications. It presents preliminary insights and recommendations for building high-quality digital twin cities that can help address pressing urban challenges. The report emphasises the need for multi-stakeholder collaboration, a sustainable operational framework, and a transformative sociotechnical programme to deliver on the potential of digital twin city technology. |
| 650 ## - KEYWORDS | |
| Keywords | BUILDING INFORMATION MODELLING |
| 650 ## - KEYWORDS | |
| Keywords | DIGITAL TWIN |
| 650 ## - KEYWORDS | |
| Keywords | PLANNING |
| 650 ## - KEYWORDS | |
| Keywords | SUSTAINABLE DEVELOPMENT |
| 651 ## - SUBJECT ADDED ENTRY--GEOGRAPHIC NAME | |
| Geographic name | International |
| 710 ## - ADDED CORPORATE NAME | |
| 9 (RLIN) | 6332 |
| Added corporate author | World Economic Forum |
| 710 ## - ADDED CORPORATE NAME | |
| 9 (RLIN) | 6333 |
| Added corporate author | China Academy of Information and Communications Technology |
| 856 ## - ONLINE RESOURCE | |
| Uniform Resource Identifier | https://www3.weforum.org/docs/WEF_Digital_Twin_Cities_2023.pdf |
| Public note | Available from the WEF |
| Withdrawn status | Lost status | Damaged status | Not for loan | Home library | Current library | Shelving location | Date acquired | Total Checkouts | Date last seen | Price effective from | Koha item type |
|---|---|---|---|---|---|---|---|---|---|---|---|
| Virtual | Virtual | Online | 29/08/2023 | 29/08/2023 | 29/08/2023 | Online material |